[Event "Urals-ch 74th"]
[Site "Khanty-Mansiysk"]
[Date "2016.03.30"]
[Round "8"]
[White "Bezgodov, Alexei"]
[Black "Shurunov, Andrei"]
[Result "1-0"]
[WhiteElo "2504"]
[BlackElo "2070"]
[PlyCount "71"]
[EventDate "2016.03.23"]
[EventType "swiss"]
[EventRounds "9"]
[EventCountry "RUS"]
[SourceTitle "CBM 171 Extra"]
[Source "ChessBase"]
[SourceDate "2016.04.26"]
[SourceVersion "1"]
[SourceVersionDate "2016.04.26"]
[SourceQuality "1"]

1. e4 c5 2. Nc3 e6 3. Nf3 a6 4. d4 cxd4 5. Nxd4 b5 6. Bd3 Qb6 7. Nf5 d6 8. Be3 Qc7 9. 0-0 b4 10. Na4 Nd7 11. Ng3 Bb7 12. c3 bxc3 13. Rc1 Rc8 14. Rxc3 Qb8 15. Rb3 Rc6 16. Ne2 e5 17. Nec3 Ngf6 18. Nd5 Qc8 19. Nb4 Rc7 20. Nb6 Nxb6 21. Bxb6 Rd7 22. Rc3 Qa8 23. Nxa6 Bxa6 24. Ra3 Be7 25. Rxa6 Qb7 26. Qa4 0-0 27. Bb5 Bd8 28. Bxd7 Bxb6 29. Bc6 Qc7 30. Ra8 g6 31. Rxf8+ Kxf8 32. Qa8+ Kg7 33. Qb7 Qd8 34. Bd5 Bc5 35. Qxf7+ Kh6 36. b4 1-0

[Event "Urals-ch 74th"]
[Site "Khanty-Mansiysk"]
[Date "2016.03.24"]
[Round "2"]
[White "Varivoda, Anatoly"]
[Black "Shurunov, Andrei"]
[Result "0-1"]
[WhiteElo "1781"]
[BlackElo "2070"]
[PlyCount "116"]
[EventDate "2016.03.23"]
[EventType "swiss"]
[EventRounds "9"]
[EventCountry "RUS"]
[SourceTitle "CBM 171 Extra"]
[Source "ChessBase"]
[SourceDate "2016.04.26"]
[SourceVersion "1"]
[SourceVersionDate "2016.04.26"]
[SourceQuality "1"]

1. d4 Nf6 2. c4 e6 3. Nc3 Bb4 4. Bd2 c5 5. e3 0-0 6. Nf3 b6 7. Bd3 Bb7 8. 0-0 cxd4 9. exd4 Nc6 10. a3 Bxc3 11. bxc3 d6 12. Re1 Rc8 13. Bg5 h6 14. Bh4 Na5 15. Qe2 Bxf3 16. Qxf3 Nxc4 17. Re2 d5 18. Qg3 Qc7 19. f4 Ne8 20. Qg4 Ncd6 21. Rc1 Qd7 22. Re5 f5 23. Qg6 Nf6 24. Re3 Nfe4 25. Be2 Qf7 26. Bh5 Qxg6 27. Bxg6 Rc7 28. Be1 Nc4 29. Rh3 Nxa3 30. Bh5 Nb5 31. Re3 Nxd4 32. Bf3 Nb3 33. Rb1 Nbc5 34. Rb4 Nd6 35. g3 Nc4 36. Rxe6 Nxe6 37. Bxd5 Kh8 38. Bxc4 Nc5 39. Be2 Re7 40. Kf1 Rfe8 41. Rb2 Ne4 42. Rc2 Rc7 43. Bf3 b5 44. Re2 a6 45. g4 Nd6 46. Ra2 fxg4 47. Bxg4 Rf8 48. Bg3 Rxc3 49. Rxa6 Ne4 50. Kg2 b4 51. Rb6 b3 52. Be6 Rc2+ 53. Kf3 Ng5+ 54. Kg4 Nxe6 55. Rxe6 Rb8 56. f5 b2 57. f6 b1Q 58. fxg7+ Kg8 0-1

[Event "Urals-ch 74th"]
[Site "Khanty-Mansiysk"]
[Date "2016.03.23"]
[Round "1"]
[White "Shurunov, Andrei"]
[Black "Matsenko, Sergei"]
[Result "0-1"]
[WhiteElo "2070"]
[BlackElo "2537"]
[PlyCount "106"]
[EventDate "2016.03.23"]
[EventType "swiss"]
[EventRounds "9"]
[EventCountry "RUS"]
[SourceTitle "CBM 171 Extra"]
[Source "ChessBase"]
[SourceDate "2016.04.26"]
[SourceVersion "1"]
[SourceVersionDate "2016.04.26"]
[SourceQuality "1"]

1. d4 Nf6 2. Nc3 g6 3. e4 d6 4. Bd3 Bg7 5. Nge2 0-0 6. f3 c5 7. dxc5 dxc5 8. Bc4 Qxd1+ 9. Nxd1 Nc6 10. Bd2 Ne5 11. Ne3 Nxc4 12. Nxc4 b6 13. Bc3 Be6 14. Ne3 Bh6 15. Kf2 Rfd8 16. Rhd1 Ne8 17. a4 f6 18. b3 Nc7 19. g3 Kf7 20. f4 Bd7 21. Nd5 Nxd5 22. Rxd5 Bc6 23. Rxd8 Rxd8 24. Ke3 e5 25. Re1 Re8 26. Kd3 Rd8+ 27. Ke3 Bb7 28. Bb2 Re8 29. Kd3 exf4 30. Nxf4 Rd8+ 31. Kc3 Bg7 32. Nd3 Re8 33. e5 fxe5 34. Kd2 Bh6+ 35. Ke2 e4 36. Rf1+ Kg8 37. Nf2 Bc8 38. h3 c4 39. b4 Bf8 40. Bc3 h5 41. Rh1 Bd6 42. Rg1 e3 43. Nd1 Bxh3 44. Nxe3 a5 45. Bd4 axb4 46. Bxb6 Bd7 47. a5 Bb5 48. Kd2 Be5 49. Nd5 b3 50. c3 Bg7 51. Kc1 Re2 52. Kd1 Ra2 53. Nb4 Bxc3 0-1

[Event "RUS-chT U20 active"]
[Site "Kolomna"]
[Date "2014.08.11"]
[Round "4"]
[White "Shurunov, Andrei"]
[Black "Yeletsky, Ivan"]
[Result "0-1"]
[WhiteElo "2100"]
[BlackElo "2209"]
[PlyCount "48"]
[EventDate "2014.08.11"]
[EventType "swiss"]
[EventRounds "9"]
[EventCountry "RUS"]
[SourceTitle "EXT 2016"]
[Source "ChessBase"]
[SourceDate "2015.10.08"]
[SourceVersion "1"]
[SourceVersionDate "2015.10.08"]
[SourceQuality "1"]

1. d4 Nf6 2. Nf3 g6 3. Bf4 Bg7 4. e3 0-0 5. h3 c5 6. c4 d5 7. Nc3 cxd4 8. Nxd4 Ne4 9. Bxb8 Nxc3 10. bxc3 Rxb8 11. Qb3 dxc4 12. Bxc4 e5 13. Nc6 bxc6 14. Qxb8 Qg5 15. g3 Bxh3 16. Bxf7+ Kh8 17. Qd6 Qf5 18. 0-0-0 Rxf7 19. Qd8+ Bf8 20. e4 Qf3 21. Qa5 Bg4 22. Qxe5+ Kg8 23. Rhe1 Qxf2 24. Qd4 Ba3+ 0-1

[Event "RUS-chT U20 active"]
[Site "Kolomna"]
[Date "2014.08.11"]
[Round "5"]
[White "Vavulin, Maksim"]
[Black "Shurunov, Andrei"]
[Result "0-1"]
[WhiteElo "2393"]
[BlackElo "2100"]
[PlyCount "150"]
[EventDate "2014.08.11"]
[EventType "swiss"]
[EventRounds "9"]
[EventCountry "RUS"]
[SourceTitle "EXT 2016"]
[Source "ChessBase"]
[SourceDate "2015.10.08"]
[SourceVersion "1"]
[SourceVersionDate "2015.10.08"]
[SourceQuality "1"]

1. e4 c5 2. Nf3 e6 3. d4 cxd4 4. Nxd4 a6 5. Bd3 Qc7 6. Qe2 d6 7. 0-0 Nd7 8. c4 b6 9. Nc3 Bb7 10. b3 Ngf6 11. Bb2 Be7 12. Kh1 0-0 13. f4 Rfe8 14. Rae1 Nc5 15. Bb1 g6 16. f5 gxf5 17. exf5 e5 18. Nf3 Bxf3 19. Rxf3 Kh8 20. g4 Rg8 21. Rg3 Qb7+ 22. Kg1 Rxg4 23. Rxg4 Nxg4 24. h3 Nf6 25. Kh2 Rg8 26. Bc1 Ncd7 27. Rd1 b5 28. cxb5 axb5 29. Nxb5 d5 30. Bb2 Qb8 31. Kh1 Rg3 32. Qf1 Bc5 33. a4 Rxb3 34. Qg2 Nh5 35. Rxd5 Nf4 36. Ba2 Re3 37. Qf1 Nh5 38. Kh2 Bd4 39. Qg2 e4+ 40. Rd6 Be5+ 41. Bxe5+ Nxe5 42. Qb2 f6 43. Be6 Nf4 44. Kg1 Nxh3+ 45. Kf1 Rf3+ 46. Kg2 Nf4+ 47. Kg1 Rg3+ 48. Kf1 Rf3+ 49. Kg1 Nh3+ 50. Kg2 Rf2+ 51. Qxf2 Nxf2 52. Kxf2 Qa8 53. Rd4 e3+ 54. Kxe3 Qf3+ 55. Kd2 Nc6 56. Rd3 Qf2+ 57. Kc3 Qc5+ 58. Kd2 Ne5 59. Rd5 Qb4+ 60. Ke2 Qxa4 61. Nd4 Qa2+ 62. Ke3 Qa3+ 63. Ke2 Qd3+ 64. Ke1 Qe4+ 65. Kd2 Kg7 66. Kc3 Qd3+ 67. Kb4 Qc4+ 68. Ka5 Qc7+ 69. Ka6 h5 70. Nb5 Qc6+ 71. Ka5 Qa8+ 72. Kb4 h4 73. Rd1 Qe4+ 74. Ka5 h3 75. Rd2 Qe1 0-1

[Event "RUS-chT U20"]
[Site "Kolomna"]
[Date "2014.08.07"]
[Round "6"]
[White "Shurunov, Andrei"]
[Black "Vavulin, Maksim"]
[Result "0-1"]
[WhiteElo "2100"]
[BlackElo "2393"]
[PlyCount "114"]
[EventDate "2014.08.02"]
[EventType "swiss"]
[EventRounds "9"]
[EventCountry "RUS"]
[SourceTitle "EXT 2016"]
[Source "ChessBase"]
[SourceDate "2015.10.08"]
[SourceVersion "1"]
[SourceVersionDate "2015.10.08"]
[SourceQuality "1"]

1. e4 e5 2. Nf3 Nc6 3. Bb5 a6 4. Bxc6 dxc6 5. 0-0 Qd6 6. d4 exd4 7. Qxd4 Bg4 8. Nbd2 Qxd4 9. Nxd4 0-0-0 10. c3 c5 11. Nc2 f6 12. Re1 Ne7 13. Nb3 Nc6 14. f3 Be6 15. Be3 Ne5 16. Re2 b6 17. Ne1 Nc4 18. Bf2 a5 19. Rc1 a4 20. Na1 Na5 21. b3 axb3 22. axb3 Nxb3 23. Nxb3 Bxb3 24. f4 Bc4 25. Re3 Be7 26. Nf3 Rd3 27. Ree1 Rhd8 28. Nh4 R8d7 29. Nf5 Bd8 30. Ne3 Bg8 31. h3 Rd2 32. Nf1 Ra2 33. Ra1 Rxa1 34. Rxa1 Kb7 35. Be3 Be7 36. Kf2 b5 37. Nd2 Rd3 38. Rc1 b4 39. cxb4 cxb4 40. Ke2 Ra3 41. Bd4 Ra5 42. e5 c5 43. exf6 gxf6 44. Bb2 Ra2 45. Rb1 c4 46. Bd4 Kc6 47. Ke3 Bd5 48. Rc1 Ra3+ 49. Ke2 c3 50. Kd3 Bc5 51. Nb1 Ra1 52. Bxf6 Ba2 53. Kc2 Be3 54. Rd1 Bxb1+ 55. Rxb1 Rxb1 56. Kxb1 Kd5 57. f5 Kc4 0-1

[Event "RUS-chT U20"]
[Site "Kolomna"]
[Date "2014.08.06"]
[Round "5"]
[White "Shurunov, Andrei"]
[Black "Kroll, Dmitry V"]
[Result "1-0"]
[WhiteElo "2100"]
[BlackElo "1976"]
[PlyCount "67"]
[EventDate "2014.08.02"]
[EventType "swiss"]
[EventRounds "9"]
[EventCountry "RUS"]
[SourceTitle "EXT 2016"]
[Source "ChessBase"]
[SourceDate "2015.10.08"]
[SourceVersion "1"]
[SourceVersionDate "2015.10.08"]
[SourceQuality "1"]

1. d4 d5 2. c4 c6 3. Nf3 Nf6 4. Nc3 Bf5 5. Qb3 Qb6 6. Qxb6 axb6 7. cxd5 Nxd5 8. Nxd5 cxd5 9. Bd2 Nc6 10. e3 e6 11. Bb5 f6 12. a3 Bd6 13. Rc1 Rc8 14. Nh4 Bg4 15. h3 Bh5 16. g4 Bf7 17. f4 0-0 18. 0-0 Na5 19. Kf2 Nb3 20. Rxc8 Rxc8 21. Bc3 Bxa3 22. Re1 Bd6 23. Ba4 Na5 24. f5 e5 25. dxe5 fxe5 26. Nf3 Rc4 27. Ra1 e4 28. Ng5 Bb4 29. Bd4 Bc5 30. Bxc5 bxc5 31. Bb3 b6 32. Bxc4 dxc4 33. Nxe4 Bd5 34. Nc3 1-0

[Event "RUS-chT U20"]
[Site "Kolomna"]
[Date "2014.08.03"]
[Round "2"]
[White "Yeletsky, Ivan"]
[Black "Shurunov, Andrei"]
[Result "1-0"]
[WhiteElo "2209"]
[BlackElo "2100"]
[PlyCount "45"]
[EventDate "2014.08.02"]
[EventType "swiss"]
[EventRounds "9"]
[EventCountry "RUS"]
[SourceTitle "EXT 2016"]
[Source "ChessBase"]
[SourceDate "2015.10.08"]
[SourceVersion "1"]
[SourceVersionDate "2015.10.08"]
[SourceQuality "1"]

1. e4 c5 2. Nf3 e6 3. d4 cxd4 4. Nxd4 a6 5. Bd3 Bc5 6. Nb3 Be7 7. Qg4 g6 8. Qe2 d6 9. 0-0 Nd7 10. Nc3 Qc7 11. Kh1 b6 12. f4 Ngf6 13. Bd2 Bb7 14. Rae1 0-0 15. a3 Rfe8 16. e5 Nd5 17. Ne4 dxe5 18. fxe5 b5 19. Ng5 Rf8 20. h4 Nc5 21. Nxc5 Qxc5 22. Qg4 Bc8 23. Nxh7 1-0

[Event "Izhevsk Corporation Cup 6th"]
[Site "Izhevsk"]
[Date "2014.07.18"]
[Round "6"]
[White "Shurunov, Andrei"]
[Black "Kovalchuk, Alexey"]
[Result "0-1"]
[WhiteElo "2100"]
[BlackElo "2251"]
[PlyCount "106"]
[EventDate "2014.07.12"]
[EventType "swiss"]
[EventRounds "9"]
[EventCountry "RUS"]
[SourceTitle "CBM 161 Extra"]
[Source "ChessBase"]
[SourceDate "2014.08.29"]
[SourceVersion "1"]
[SourceVersionDate "2014.08.29"]
[SourceQuality "1"]

1. a3 g6 2. Nf3 f5 3. g3 Bg7 4. d4 Nf6 5. Bg2 0-0 6. 0-0 d6 7. b3 Ne4 8. Bb2 Nc6 9. Nbd2 Nxd2 10. Qxd2 e5 11. dxe5 dxe5 12. Rfd1 e4 13. Bxg7 Qxd2 14. Rxd2 Kxg7 15. Nd4 Nxd4 16. Rxd4 Be6 17. Rad1 Kf6 18. f3 exf3 19. Bxf3 c6 20. Rb4 Rf7 21. Kf2 Re8 22. h4 Ree7 23. Ra4 a6 24. Rb4 Rd7 25. Rd3 h6 26. Rbd4 Ke5 27. Rxd7 Rxd7 28. Ke3 g5 29. hxg5 hxg5 30. Rxd7 Bxd7 31. c3 Be6 32. c4 Bf7 33. Bg2 Bg6 34. Bf3 Bf7 35. Bg2 a5 36. a4 Be8 37. Bf3 Bg6 38. Bg2 Bh5 39. Bh3 b6 40. Bg2 Be8 41. Bf3 b5 42. cxb5 cxb5 43. axb5 Bxb5 44. Bh5 Bc6 45. Bf7 Bd5 46. Bxd5 Kxd5 47. Kd3 Ke5 48. e3 Kd5 49. Ke2 Ke4 50. Kf2 Kd3 51. Kf3 Kc3 52. g4 fxg4+ 53. Kxg4 Kxb3 0-1

[Event "Izhevsk Corporation Cup 6th"]
[Site "Izhevsk"]
[Date "2014.07.12"]
[Round "1"]
[White "Kanter, Eduard"]
[Black "Shurunov, Andrei"]
[Result "1-0"]
[WhiteElo "2395"]
[BlackElo "2100"]
[PlyCount "85"]
[EventDate "2014.07.12"]
[EventType "swiss"]
[EventRounds "9"]
[EventCountry "RUS"]
[SourceTitle "CBM 161 Extra"]
[Source "ChessBase"]
[SourceDate "2014.08.29"]
[SourceVersion "1"]
[SourceVersionDate "2014.08.29"]
[SourceQuality "1"]

1. Nf3 Nf6 2. c4 e6 3. g3 b6 4. Bg2 Bb7 5. d4 Be7 6. 0-0 0-0 7. Nc3 d6 8. d5 e5 9. e4 Nbd7 10. Ne1 c6 11. Nc2 cxd5 12. cxd5 a5 13. Re1 Ba6 14. b4 Qc7 15. Bd2 Bd3 16. Rc1 Rac8 17. b5 Nc5 18. Na3 Qd7 19. f3 Qd8 20. Be3 Nfd7 21. Bh3 Bg5 22. Bxg5 Qxg5 23. Bxd7 Nxd7 24. Qxd3 Rc5 25. Rcd1 Rfc8 26. Na4 R5c7 27. Qe3 Qxe3+ 28. Rxe3 Kf8 29. Kf2 Ke7 30. Red3 Nc5 31. Nxc5 Rxc5 32. f4 f6 33. f5 Rc1 34. Re1 R1c5 35. g4 h6 36. h4 Kf7 37. Rg1 g6 38. Rf3 g5 39. hxg5 fxg5 40. Rh1 Kg7 41. f6+ Kg6 42. f7 Rf8 43. Ke2 1-0

[Event "Urals-ch 72nd"]
[Site "Tiumen"]
[Date "2014.03.27"]
[Round "8"]
[White "Shurunov, Andrei"]
[Black "Matsenko, Andrei"]
[Result "1-0"]
[WhiteElo "2089"]
[BlackElo "2272"]
[PlyCount "73"]
[EventDate "2014.03.20"]
[EventType "swiss"]
[EventRounds "9"]
[EventCountry "RUS"]
[SourceTitle "CBM 159 Extra"]
[Source "ChessBase"]
[SourceDate "2014.04.24"]
[SourceVersion "1"]
[SourceVersionDate "2014.04.24"]
[SourceQuality "1"]

1. d4 Nf6 2. c4 e6 3. Nf3 Bb4+ 4. Bd2 Qe7 5. g3 0-0 6. Bg2 Bxd2+ 7. Nbxd2 d6 8. 0-0 e5 9. Qb3 Nbd7 10. e3 Rb8 11. Qa3 a6 12. Rfe1 Re8 13. Rad1 b6 14. dxe5 dxe5 15. Qxe7 Rxe7 16. Ng5 Nf8 17. Nde4 Nxe4 18. Nxe4 Be6 19. b3 Rd7 20. Rxd7 Nxd7 21. Rd1 Kf8 22. Nc3 Ke7 23. Nd5+ Bxd5 24. cxd5 a5 25. a3 Nc5 26. b4 Nb7 27. Rc1 Kd8 28. f4 exf4 29. gxf4 f5 30. bxa5 Nxa5 31. e4 fxe4 32. Bxe4 Kd7 33. Bxh7 Rf8 34. f5 Rh8 35. Bg6 Rh3 36. f6 Rh6 37. Bf5+ 1-0

[Event "Urals-ch 72nd"]
[Site "Tiumen"]
[Date "2014.03.25"]
[Round "6"]
[White "Shurunov, Andrei"]
[Black "Fatkhutdinov, Gafiyat"]
[Result "0-1"]
[WhiteElo "2089"]
[BlackElo "2363"]
[PlyCount "112"]
[EventDate "2014.03.20"]
[EventType "swiss"]
[EventRounds "9"]
[EventCountry "RUS"]
[SourceTitle "CBM 159 Extra"]
[Source "ChessBase"]
[SourceDate "2014.04.24"]
[SourceVersion "1"]
[SourceVersionDate "2014.04.24"]
[SourceQuality "1"]

1. e4 c6 2. c4 d5 3. exd5 cxd5 4. cxd5 Nf6 5. Bb5+ Nbd7 6. Nc3 g6 7. a4 Bg7 8. Nge2 0-0 9. Bc4 Nb6 10. Qb3 Nxc4 11. Qxc4 b6 12. 0-0 Bb7 13. d4 Nxd5 14. Nxd5 Bxd5 15. Qd3 Rc8 16. Be3 Qd7 17. b3 Bb7 18. Rac1 Rfd8 19. Rxc8 Rxc8 20. f3 Rd8 21. Rd1 Qd6 22. Rd2 Qb4 23. Qc3 Qxc3 24. Nxc3 Rc8 25. Ne2 e6 26. Kf2 Bf8 27. Ra2 Bd5 28. Rb2 Ba3 29. Ra2 Bb4 30. Rb2 Bb7 31. Bd2 Be7 32. b4 Bf6 33. Ke3 Bd5 34. g3 g5 35. f4 gxf4+ 36. gxf4 Kg7 37. b5 Kg6 38. a5 Kh5 39. axb6 axb6 40. f5 Kg4 41. fxe6 fxe6 42. Nc3 Rc4 43. Nxd5 exd5 44. Ke2 Bxd4 45. Rb3 Be5 46. h3+ Kf5 47. Rf3+ Ke6 48. Rf8 Rh4 49. Rf3 Ra4 50. Rf8 Ra2 51. Re8+ Kf5 52. Rf8+ Ke4 53. Kd1 d4 54. Bg5 d3 55. Re8 Kf5 56. Be3 Bc3 0-1

[Event "Chigorin Memorial 19th"]
[Site "St Petersburg"]
[Date "2011.10.19"]
[Round "6"]
[White "Semenova, Irina"]
[Black "Shurunov, Andrei"]
[Result "1-0"]
[WhiteElo "2236"]
[BlackElo "2037"]
[PlyCount "63"]
[EventDate "2011.10.14"]
[EventType "swiss"]
[EventRounds "9"]
[EventCountry "RUS"]
[SourceTitle "CBM 144 Extra"]
[Source "ChessBase"]
[SourceDate "2011.10.28"]
[SourceVersion "1"]
[SourceVersionDate "2011.10.28"]
[SourceQuality "1"]

1. e4 c5 2. Nf3 e6 3. d4 cxd4 4. Nxd4 a6 5. Bd3 Bc5 6. Nb3 Ba7 7. 0-0 Nc6 8. Qg4 Qf6 9. Nc3 Nge7 10. Kh1 d6 11. f4 Ng6 12. Qg3 Bb8 13. Bd2 0-0 14. Rae1 Kh8 15. f5 d5 16. Qh3 exf5 17. exf5 Nge7 18. Qh5 h6 19. Na4 Ne5 20. Bc3 Bc7 21. Nac5 N7c6 22. Nd4 Nxd4 23. Bxd4 b6 24. Nb3 Re8 25. Nd2 Bb7 26. Nf3 Re7 27. Nxe5 Bxe5 28. Bxe5 Rxe5 29. Rxe5 Qxe5 30. Qxf7 Bc6 31. f6 Qg5 32. Qe6 1-0

[Event "Chigorin Memorial 19th"]
[Site "St Petersburg"]
[Date "2011.10.15"]
[Round "2"]
[White "Ivakhinova, Inna"]
[Black "Shurunov, Andrei"]
[Result "0-1"]
[WhiteElo "2288"]
[BlackElo "2037"]
[PlyCount "80"]
[EventDate "2011.10.14"]
[EventType "swiss"]
[EventRounds "9"]
[EventCountry "RUS"]
[SourceTitle "CBM 144 Extra"]
[Source "ChessBase"]
[SourceDate "2011.10.28"]
[SourceVersion "1"]
[SourceVersionDate "2011.10.28"]
[SourceQuality "1"]

1. d4 Nf6 2. c4 e6 3. Nf3 Bb4+ 4. Nbd2 0-0 5. a3 Bxd2+ 6. Bxd2 d5 7. e3 Nbd7 8. Bd3 c5 9. 0-0 b6 10. b4 cxd4 11. exd4 dxc4 12. Bxc4 Bb7 13. Rc1 Rc8 14. Qe2 Ne4 15. Bf4 Ndf6 16. h3 h6 17. Rfd1 b5 18. Bxb5 Nc3 19. Rxc3 Rxc3 20. a4 Bxf3 21. gxf3 Qd5 22. Kg2 Qb3 23. a5 Nd5 24. Bd2 Rb8 25. Rg1 Qxb4 26. Kh2 Qxb5 27. Qe5 f6 28. Qxe6+ Kh8 29. Bxc3 Nxc3 30. Qe7 Rb7 31. Qd8+ Kh7 32. Qc8 Ne2 33. a6 Re7 34. Re1 f5 35. Qd8 Re8 36. Qd6 Qa5 37. Rb1 Qa2 38. Rb7 Nf4 39. Kg3 Nh5+ 40. Kg2 Re2 0-1

[Event "Izhevsk Corporation Cup-A 3rd"]
[Site "Izhevsk"]
[Date "2011.07.21"]
[Round "6"]
[White "Makarenko, Alexandra"]
[Black "Shurunov, Andrei"]
[Result "0-1"]
[WhiteElo "2082"]
[BlackElo "1930"]
[PlyCount "86"]
[EventDate "2011.07.15"]
[EventType "swiss"]
[EventRounds "9"]
[EventCountry "RUS"]
[SourceTitle "CBM 143 Extra"]
[Source "ChessBase"]
[SourceDate "2011.08.29"]
[SourceVersion "1"]
[SourceVersionDate "2011.08.29"]
[SourceQuality "1"]

1. e4 c5 2. Nf3 e6 3. d4 cxd4 4. Nxd4 a6 5. Nc3 Qc7 6. Be2 Nf6 7. 0-0 Bc5 8. Qd3 0-0 9. Bg5 Be7 10. f4 d6 11. Rf3 Nc6 12. Nxc6 bxc6 13. Rh3 e5 14. f5 Ng4 15. Bxg4 Bxg5 16. Rd1 Rd8 17. Rh5 Bf6 18. Be2 Bb7 19. g4 h6 20. h4 Qb6+ 21. Kf1 Be7 22. f6 Bxf6 23. g5 Be7 24. gxh6 g6 25. Qg3 Bc8 26. Bc4 d5 27. exd5 Bf6 28. d6 Kf8 29. h7 Bh8 30. Ke2 Qb4 31. b3 Rxd6 32. a3 Qxa3 33. Rf1 Be6 34. Bd3 Rxd3 35. Kxd3 Rd8+ 36. Ke2 gxh5 37. Qg5 Ke8 38. Ne4 Qb2 39. Nf6+ Bxf6 40. Rxf6 Qxc2+ 41. Kf3 Rd3+ 42. Qe3 Rxe3+ 43. Kxe3 Qxh7 0-1

[Event "Cheliabinsk Kibizov Memorial 6th"]
[Site "Cheliabinsk"]
[Date "2011.06.25"]
[Round "2"]
[White "Gorbushin, Maksim"]
[Black "Shurunov, Andrei"]
[Result "0-1"]
[WhiteElo "2124"]
[BlackElo "1930"]
[PlyCount "112"]
[EventDate "2011.06.24"]
[EventType "swiss"]
[EventRounds "9"]
[EventCountry "RUS"]
[SourceTitle "EXT 2022"]
[Source "ChessBase"]
[SourceDate "2021.10.06"]
[SourceVersion "1"]
[SourceVersionDate "2021.10.06"]
[SourceQuality "1"]

1. c4 c6 2. e4 d5 3. exd5 cxd5 4. cxd5 Qxd5 5. Nc3 Qd8 6. d4 Nf6 7. Nf3 e6 8. Bc4 Be7 9. 0-0 0-0 10. Re1 Nc6 11. a3 a6 12. Be3 b5 13. Bd3 Bb7 14. Bc2 Na5 15. Ne5 Nc4 16. Nxc4 bxc4 17. Qe2 Rc8 18. Rad1 Qa5 19. Bf4 Rfd8 20. Be5 Qb6 21. Kh1 Nd7 22. Bf4 Bf6 23. Ne4 Bxe4 24. Qxe4 Nf8 25. Be3 Qxb2 26. a4 Rd5 27. Re2 Qc3 28. h3 Rcd8 29. Qf3 Bxd4 30. Be4 R5d6 31. Rc1 Qb4 32. Rec2 Be5 33. Qh5 f5 34. f4 Bf6 35. Rxc4 Qb3 36. Bc5 Rd1+ 37. Kh2 Rxc1 38. Rxc1 fxe4 39. Qg4 Qd5 40. Bb6 Re8 41. Qe2 Qd3 42. Qxd3 exd3 43. Rd1 e5 44. fxe5 Bxe5+ 45. g3 Re6 46. Ba5 Rd6 47. Bc7 Rd5 48. Bxe5 Rxe5 49. Rxd3 Re4 50. Ra3 a5 51. Kg2 Ne6 52. h4 Rc4 53. Ra1 Nc5 54. Rb1 Rxa4 55. Rb8+ Kf7 56. Ra8 Ra1 0-1

[Event "Cheliabinsk-ch 1L op"]
[Site "Cheliabinsk"]
[Date "2010.10.01"]
[Round "1"]
[White "Lukin, Vasily"]
[Black "Shurunov, Andrei"]
[Result "0-1"]
[WhiteElo "1719"]
[BlackElo "1882"]
[PlyCount "34"]
[EventDate "2010.01.??"]
[EventType "swiss"]
[EventRounds "9"]
[EventCountry "RUS"]
[SourceTitle "EXT 2012"]
[Source "ChessBase"]
[SourceDate "2011.11.24"]
[SourceVersion "1"]
[SourceVersionDate "2011.11.24"]
[SourceQuality "1"]

1. d4 Nf6 2. c4 e6 3. Nf3 d5 4. Nc3 Be7 5. Bf4 0-0 6. e3 c6 7. Bd3 dxc4 8. Bxc4 b5 9. Bd3 Bb4 10. Rc1 Nbd7 11. 0-0 a6 12. Re1 c5 13. Bb1 Re8 14. Ng5 Nf8 15. Ne2 cxd4 16. Qxd4 Qxd4 17. Nxd4 e5 0-1

[Event "Izhevsk op-B"]
[Site "Izhevsk"]
[Date "2010.07.23"]
[Round "9"]
[White "Shurunov, Andrei"]
[Black "Larionov, Vladimir"]
[Result "1-0"]
[WhiteElo "1902"]
[BlackElo "1669"]
[PlyCount "91"]
[EventDate "2010.07.15"]
[EventType "swiss"]
[EventRounds "9"]
[EventCountry "RUS"]
[SourceTitle "EXT 2011"]
[Source "ChessBase"]
[SourceDate "2010.11.26"]
[SourceVersion "1"]
[SourceVersionDate "2010.11.26"]
[SourceQuality "1"]

1. d4 c5 2. e3 e6 3. Nf3 f5 4. Bd3 Nf6 5. 0-0 Nc6 6. a3 d5 7. c4 b6 8. Nc3 Be7 9. dxc5 0-0 10. cxb6 axb6 11. cxd5 Nxd5 12. Nxd5 Qxd5 13. Qe2 Ne5 14. Nxe5 Qxe5 15. e4 f4 16. f3 Rf6 17. Bc4 Bd7 18. Rb1 Rc8 19. Rd1 Be8 20. b3 Bc5+ 21. Kh1 Rh6 22. g3 g5 23. Bb2 Qc7 24. g4 Bf7 25. Qd3 e5 26. Bxf7+ Kxf7 27. b4 Rd6 28. Qc4+ Re6 29. bxc5 bxc5 30. Rd5 Kf6 31. Rc1 Qb8 32. Rc2 Rd8 33. Rxd8 Qxd8 34. Qxc5 Qd1+ 35. Kg2 Qd7 36. Qf8+ Kg6 37. Qf5+ Kh6 38. h4 gxh4 39. Bxe5 Qe8 40. g5+ Kh5 41. g6+ Kh6 42. Bxf4+ Kg7 43. Rc7+ Kg8 44. gxh7+ Kh8 45. Be5+ Rxe5 46. Qf6# 1-0